[Event "Vårturnerningarna Öppen"]
[Site "Linköping"]
[Date "2015.05.15"]
[Round "4"]
[White "Knutsson, Håkan"]
[Black "Arnell, Staffan"]
[Result "1-0"]
[WhiteElo "1871"]
[BlackElo "1510"]
[PlyCount "75"]
[EventDate "2015.05.14"]
[EventType "swiss"]
[EventRounds "7"]
[EventCountry "SWE"]

1. e4 c5 2. Nf3 d6 3. d4 cxd4 4. Nxd4 Nf6 5. Nc3 a6 6. Be2 e5 7. Nb3 Be7 8. O-O
Be6 9. Kh1 d5 10. exd5 Nxd5 11. Ne4 Nd7 12. Bf3 Qc7 13. Ng5 Bxg5 14. Bxg5 N5f6
15. Re1 e4 16. Be2 Bf5 17. Nd4 Bg6 18. Qd2 O-O 19. Bf4 Qb6 20. c4 Rfe8 21. b4
a5 22. Nb5 Ne5 23. c5 Qd8 24. Qb2 Nfd7 25. Nd6 Re6 26. Bxe5 Nxe5 27. b5 Qe7 28.
Qb3 Nd7 29. Nxb7 Nxc5 30. Nxc5 Qxc5 31. Kg1 Rf6 32. Qg3 Rd8 33. Rac1 Qb6 34.
Rc3 h6 35. Rec1 Rd2 36. Rc6 Rxc6 37. Rxc6 Qxb5 38. Bxb5 1-0

[Event "Vårturnerningarna Öppen"]
[Site "Linköping"]
[Date "2015.05.15"]
[Round "4"]
[White "Olsson, Simon"]
[Black "Hansson, Ronald"]
[Result "1-0"]
[WhiteElo "2206"]
[BlackElo "1963"]
[PlyCount "89"]
[EventDate "2015.05.14"]
[EventType "swiss"]
[EventRounds "7"]
[EventCountry "SWE"]

1. d4 Nf6 2. Bg5 g6 3. Bxf6 exf6 4. c4 f5 5. e3 Bg7 6. Nc3 b6 7. Qd2 Bb7 8. Nf3
d6 9. Be2 Nd7 10. O-O-O Nf6 11. d5 Ng4 12. Bf1 Qe7 13. h3 Ne5 14. Nd4 O-O-O 15.
Qc2 Kb8 16. Qa4 Qd7 17. Qa3 Qc8 18. f4 Nd7 19. Nc6+ Bxc6 20. dxc6 Nc5 21. Nd5
Rhe8 22. Bd3 a5 23. Kc2 Qa6 24. Rhe1 Nxd3 25. Kxd3 Re4 26. Rc1 b5 27. Qb3 b4
28. a3 Qxc6 29. axb4 Qb7 30. b5 c6 31. Nc3 Bxc3 32. Qxc3 d5 33. Qxa5 dxc4+ 34.
Kc2 Rd5 35. Rcd1 cxb5 36. Rxd5 Qxd5 37. Rd1 Qc6 38. Rd8+ Kb7 39. Qa8+ Kb6 40.
Rb8+ Kc5 41. Rc8 Qxc8 42. Qxc8+ Kd6 43. Qa6+ Kc5 44. Qa7+ Kb4 45. Qa3# 1-0

[Event "Vårturnerningarna Öppen"]
[Site "Linköping"]
[Date "2015.05.15"]
[Round "4"]
[White "Qwarfort, Fredrik"]
[Black "Kristoffersson, Jimmy"]
[Result "1/2-1/2"]
[WhiteElo "1869"]
[BlackElo "2042"]
[PlyCount "101"]
[EventDate "2015.05.14"]
[EventType "swiss"]
[EventRounds "7"]
[EventCountry "SWE"]

1. d4 f5 2. Nf3 e6 3. c4 Nf6 4. g3 Be7 5. Bg2 O-O 6. O-O d6 7. Nc3 Ne4 8. Qc2
Nxc3 9. Qxc3 a5 10. Bd2 Bf6 11. e3 Nc6 12. Qc2 e5 13. d5 Ne7 14. b4 axb4 15.
Bxb4 c5 16. dxc6 Nxc6 17. Rab1 Nxb4 18. Rxb4 Qa5 19. Rb2 g5 20. Rd1 g4 21. Nd2
e4 22. Nb3 Qa3 23. Nd4 Be5 24. h3 gxh3 25. Bxh3 f4 26. Bxc8 fxg3 27. Be6+ Kh8
28. Qb3 Qc5 29. Qxb7 Bxd4 30. exd4 Qh5 31. fxg3 Qxd1+ 32. Kg2 Qf3+ 33. Kh2 Ra3
34. Rg2 Ra5 35. d5 Ra3 36. Qb2+ Rf6 37. Qb8+ Kg7 38. Qg8+ Kh6 39. Bg4 Qc3 40.
Qe8 Qd4 41. Qh5+ Kg7 42. Qg5+ Kh8 43. Be6 Ra8 44. Rd2 Rf2+ 45. Rxf2 Qxf2+ 46.
Kh3 e3 47. Bf5 Rf8 48. g4 e2 49. Qe7 Qf3+ 50. Kh2 Qf2+ 51. Kh3 1/2-1/2

[Event "Vårturnerningarna Öppen"]
[Site "Linköping"]
[Date "2015.05.15"]
[Round "4"]
[White "Persson, Börje"]
[Black "Eriksson, Ofelia"]
[Result "1/2-1/2"]
[WhiteElo "1799"]
[BlackElo "1659"]
[PlyCount "44"]
[EventDate "2015.05.14"]
[EventType "swiss"]
[EventRounds "7"]
[EventCountry "SWE"]

1. e4 d5 2. exd5 Qxd5 3. Nc3 Qa5 4. d4 Nf6 5. Nf3 c6 6. Bd2 Bf5 7. Bc4 Qc7 8.
O-O e6 9. a4 Bd6 10. h3 h6 11. Bb3 Nbd7 12. Qe2 O-O 13. Rfe1 Nd5 14. Ne5 Nxe5
15. dxe5 Nxc3 16. Bxc3 Be7 17. Rad1 Rad8 18. Rxd8 Rxd8 19. Rd1 Rxd1+ 20. Qxd1
Qd8 21. Qxd8+ Bxd8 22. Kf1 Kf8 1/2-1/2

[Event "Vårturnerningarna Öppen"]
[Site "Linköping"]
[Date "2015.05.16"]
[Round "5"]
[White "Kristoffersson, Jimmy"]
[Black "Nörager, Mattias"]
[Result "1-0"]
[WhiteElo "2042"]
[BlackElo "1641"]
[PlyCount "75"]
[EventDate "2015.05.14"]
[EventType "swiss"]
[EventRounds "7"]
[EventCountry "SWE"]

1. d4 f5 2. Bg5 Nf6 3. Bxf6 exf6 4. e3 d5 5. c4 c6 6. Nc3 Be6 7. Qb3 Qb6 8.
Qxb6 axb6 9. cxd5 cxd5 10. a3 Nc6 11. g3 Bd6 12. Bg2 Ne7 13. Nge2 Rd8 14. Nf4
Bxf4 15. gxf4 Kf7 16. Ke2 Nc8 17. Rac1 Rd6 18. Na2 Rc6 19. Nb4 Rxc1 20. Rxc1
Ne7 21. Rc7 Rc8 22. Rxc8 Bxc8 23. Nxd5 Nxd5 24. Bxd5+ Ke7 25. h4 Kd6 26. Bg8 h6
27. Kd3 Bd7 28. f3 Bb5+ 29. Bc4 Bxc4+ 30. Kxc4 g5 31. fxg5 fxg5 32. hxg5 hxg5
33. Kd3 Ke6 34. e4 b5 35. exf5+ Kxf5 36. Ke3 b6 37. b4 Ke6 38. Ke4 1-0

[Event "Vårturnerningarna Öppen"]
[Site "Linköping"]
[Date "2015.05.16"]
[Round "5"]
[White "Amberts, Jens"]
[Black "Orci, Istvan"]
[Result "1-0"]
[WhiteElo "1467"]
[BlackElo "1500"]
[PlyCount "109"]
[EventDate "2015.05.14"]
[EventType "swiss"]
[EventRounds "7"]
[EventCountry "SWE"]

1. e4 c6 2. d4 d5 3. exd5 cxd5 4. Bd3 Nc6 5. c3 Qc7 6. Bg5 e6 7. Nf3 Be7 8.
Bxe7 Ngxe7 9. Nbd2 h6 10. Nf1 Bd7 11. Ne3 O-O-O 12. Nc2 Kb8 13. Qe2 Nf5 14. a3
Rhe8 15. Ne5 Nxe5 16. Qxe5 Qxe5+ 17. dxe5 Ne7 18. O-O Nc6 19. Rfe1 Rf8 20. Re3
f6 21. exf6 Rxf6 22. Rae1 Rdf8 23. f3 g5 24. Bb5 Kc7 25. Bxc6 bxc6 26. Nd4 Kd6
27. b4 a6 28. Nb3 Re8 29. Nc5 Bc8 30. Rd1 a5 31. Ne4+ Ke7 32. Nxf6 Kxf6 33.
bxa5 Bd7 34. c4 Ra8 35. cxd5 cxd5 36. Rc1 Rxa5 37. Kf2 d4 38. Rd3 e5 39. Ra1 g4
40. f4 exf4 41. Rxd4 g3+ 42. hxg3 fxg3+ 43. Kxg3 Rg5+ 44. Kf2 Be6 45. a4 Bd5
46. g3 Rf5+ 47. Rf4 Rxf4+ 48. gxf4 Kf5 49. Kg3 h5 50. a5 h4+ 51. Kxh4 Kxf4 52.
a6 Ke5 53. a7 Ba8 54. Rb1 Kd6 55. Rb8 1-0

[Event "Vårturnerningarna Öppen"]
[Site "Linköping"]
[Date "2015.05.16"]
[Round "5"]
[White "Arnell, Staffan"]
[Black "Lindström, Jan"]
[Result "1/2-1/2"]
[WhiteElo "1510"]
[BlackElo "1467"]
[PlyCount "84"]
[EventDate "2015.05.14"]
[EventType "swiss"]
[EventRounds "7"]
[EventCountry "SWE"]

1. e4 e6 2. d4 d5 3. Nc3 dxe4 4. Nxe4 Qd5 5. Nc3 Bb4 6. a3 Bxc3+ 7. bxc3 c5 8.
Nf3 c4 9. Be2 Nf6 10. O-O Ne4 11. Qe1 Nc6 12. Bb2 Nd6 13. Nd2 Qb5 14. Rb1 Qa4
15. Qd1 O-O 16. f4 Rb8 17. Rf3 Ne7 18. Qf1 b5 19. Bd1 Bb7 20. Rh3 Ne4 21. Nxe4
Bxe4 22. Qf2 Qa6 23. Bf3 Bg6 24. Re1 Qd6 25. Bd1 Nd5 26. Rf1 f6 27. Bg4 Rbe8
28. f5 exf5 29. Bxf5 Bxf5 30. Qxf5 g6 31. Qf2 f5 32. Re1 Nf6 33. Rxe8 Rxe8 34.
Re3 Ne4 35. Qe1 a5 36. g4 Qd7 37. gxf5 Qxf5 38. Qe2 Re6 39. Kg2 Ng5 40. Rxe6
Nxe6 41. Bc1 g5 42. Kg1 Kg7 1/2-1/2

[Event "Vårturnerningarna Öppen"]
[Site "Linköping"]
[Date "2015.05.16"]
[Round "5"]
[White "Eriksson, Ofelia"]
[Black "Ahlstrand, Mats"]
[Result "1/2-1/2"]
[WhiteElo "1622"]
[BlackElo "1675"]
[PlyCount "68"]
[EventDate "2015.05.14"]
[EventType "swiss"]
[EventRounds "7"]
[EventCountry "SWE"]

1. e4 e6 2. d3 d5 3. Nd2 Nf6 4. g3 Bb4 5. c3 Ba5 6. Bg2 O-O 7. Ngf3 e5 8. O-O
Re8 9. Qc2 dxe4 10. dxe4 c5 11. Nc4 Bc7 12. Rd1 Bd7 13. h3 Qc8 14. Kh2 h6 15.
Be3 b5 16. Nd6 Bxd6 17. Rxd6 Qc7 18. Rad1 Re6 19. Rxe6 Bxe6 20. Qd3 Nbd7 21. a3
c4 22. Qc2 Nc5 23. Bxc5 Qxc5 24. Ne1 Nd7 25. Qd2 Qc7 26. Qe3 a6 27. f4 f6 28.
f5 Bf7 29. Bf3 Kf8 30. Kg2 Ke8 31. Qd2 Rd8 32. Kf1 Nc5 33. Qxd8+ Qxd8 34. Rxd8+
Kxd8 1/2-1/2

[Event "Vårturnerningarna Öppen"]
[Site "Linköping"]
[Date "2015.05.16"]
[Round "5"]
[White "Winfridsson, Håkan"]
[Black "Olsson, Simon"]
[Result "1-0"]
[WhiteElo "2069"]
[BlackElo "2206"]
[PlyCount "65"]
[EventDate "2015.05.14"]
[EventType "swiss"]
[EventRounds "7"]
[EventCountry "SWE"]

1. e4 c5 2. Nf3 Nc6 3. d4 cxd4 4. Nxd4 Nf6 5. Nc3 e6 6. Ndb5 Bc5 7. Bf4 O-O 8.
Bc7 Qe7 9. Bd6 Bxd6 10. Qxd6 Qd8 11. Nc7 Rb8 12. Bd3 b5 13. N7xb5 a6 14. Nd4
Rxb2 15. Nxc6 dxc6 16. Qxd8 Rxd8 17. Na4 Rb4 18. Nc5 Nd7 19. a3 Rb8 20. Nxd7
Rxd7 21. Kd2 Kf8 22. Rhb1 Rxb1 23. Rxb1 Rb7 24. Rxb7 Bxb7 25. Kc3 Ke7 26. Kb4
Kd6 27. Ka5 Kc5 28. Bxa6 Ba8 29. Bc8 Kd4 30. Kb6 c5 31. a4 c4 32. f3 Kc3 33.
Ba6 1-0

[Event "Vårturnerningarna Öppen"]
[Site "Linköping"]
[Date "2015.05.16"]
[Round "5"]
[White "Qwarfort, Fredrik"]
[Black "Hansson, Ronald"]
[Result "1-0"]
[WhiteElo "1869"]
[BlackElo "1963"]
[PlyCount "45"]
[EventDate "2015.05.14"]
[EventType "swiss"]
[EventRounds "7"]
[EventCountry "SWE"]

1. d4 Nf6 2. c4 g6 3. Nf3 Bg7 4. g3 d5 5. cxd5 Nxd5 6. Bg2 O-O 7. O-O Nb6 8.
Nc3 Nc6 9. e3 e5 10. d5 Na5 11. e4 Nac4 12. b3 Nd6 13. Nd2 f5 14. f3 Bd7 15. a4
a5 16. Qe2 fxe4 17. fxe4 Rxf1+ 18. Qxf1 c6 19. Ba3 Be8 20. Nc4 Bf8 21. Qf2 cxd5
22. Nxb6 d4 23. Nxa8 1-0

[Event "Vårturnerningarna Öppen"]
[Site "Linköping"]
[Date "2015.05.16"]
[Round "5"]
[White "Ståhlberg, Adam"]
[Black "Knutsson, Håkan"]
[Result "1/2-1/2"]
[WhiteElo "1957"]
[BlackElo "1909"]
[PlyCount "65"]
[EventDate "2015.05.14"]
[EventType "swiss"]
[EventRounds "7"]
[EventCountry "SWE"]

1. d4 Nf6 2. Nc3 d5 3. Bg5 Nbd7 4. Qd3 g6 5. e4 dxe4 6. Nxe4 Bg7 7. O-O-O c6 8.
Nxf6+ Nxf6 9. h4 O-O 10. f3 Qa5 11. a3 Be6 12. Ne2 c5 13. Nf4 Bf5 14. Qb3 cxd4
15. g4 Bd7 16. Bxf6 Bxf6 17. Qxb7 Ba4 18. Qa6 Qxa6 19. Bxa6 Bc6 20. Rh3 Rab8
21. Nd3 e5 22. Re1 Rfe8 23. Nf2 Bd8 24. Bd3 f6 25. Ne4 Be7 26. h5 Kg7 27. hxg6
hxg6 28. Reh1 Rh8 29. Rxh8 Rxh8 30. Rxh8 Kxh8 31. Kd1 Kg7 32. Ke2 Bd7 33. Ng3
1/2-1/2

[Event "Vårturnerningarna Öppen"]
[Site "Linköping"]
[Date "2015.05.16"]
[Round "5"]
[White "Persson, Börje"]
[Black "Nguyen, Gabriel"]
[Result "1/2-1/2"]
[WhiteElo "1799"]
[BlackElo "1729"]
[PlyCount "49"]
[EventDate "2015.05.14"]
[EventType "swiss"]
[EventRounds "7"]
[EventCountry "SWE"]
[WhiteClock "0:19:13"]
[BlackClock "0:14:42"]

1. e4 c5 2. Nf3 e6 3. d4 cxd4 4. Nxd4 Nc6 5. Nxc6 bxc6 6. Bd3 d5 7. exd5 cxd5
8. O-O Nf6 9. Nd2 Be7 10. Nf3 Qc7 11. Qe2 O-O 12. g3 h6 13. Bf4 Bd6 14. Bxd6
Qxd6 15. Qe5 Qb6 16. a4 a5 17. Qd4 Rb8 18. b3 Ba6 19. Bxa6 Qxa6 20. Nd2 Rb4 21.
Qe3 Rc8 22. c3 Rb7 23. Qd4 Ne8 24. b4 Nd6 25. b5 1/2-1/2

[Event "Vårturnerningarna Öppen"]
[Site "Linköping"]
[Date "2015.05.16"]
[Round "6"]
[White "Arnell, Staffan"]
[Black "Orci, Istvan"]
[Result "1/2-1/2"]
[WhiteElo "1510"]
[BlackElo "1500"]
[PlyCount "41"]
[EventDate "2015.05.14"]
[EventType "swiss"]
[EventRounds "7"]
[EventCountry "SWE"]

1. e4 c6 2. d4 d5 3. exd5 cxd5 4. Bd3 Nc6 5. c3 Qc7 6. Ne2 e6 7. Bf4 Bd6 8.
Bxd6 Qxd6 9. Nd2 Nf6 10. Nf3 Bd7 11. Ng3 h6 12. Qe2 O-O-O 13. Ne5 Qe7 14. O-O
Nxe5 15. dxe5 Ne8 16. b4 Kb8 17. a4 Rc8 18. Rfc1 Nc7 19. a5 Qe8 20. Qe3 Bb5 21.
Bxb5 1/2-1/2

[Event "Vårturnerningarna Öppen"]
[Site "Linköping"]
[Date "2015.05.16"]
[Round "6"]
[White "Nguyen, Gabriel"]
[Black "Lindström, Jan"]
[Result "1-0"]
[WhiteElo "1681"]
[BlackElo "1497"]
[PlyCount "101"]
[EventDate "2015.05.14"]
[EventType "swiss"]
[EventRounds "7"]
[EventCountry "SWE"]

1. d4 e6 2. c4 Bb4+ 3. Bd2 a5 4. a3 Bxd2+ 5. Qxd2 Nf6 6. Nc3 O-O 7. Nf3 d5 8.
e3 b6 9. cxd5 exd5 10. Bd3 Bb7 11. O-O Nbd7 12. Rfd1 Re8 13. Qc2 Qe7 14. Rac1
Rac8 15. Qb1 c5 16. b3 h6 17. h3 c4 18. Be2 Ba6 19. a4 Qb4 20. bxc4 Bxc4 21.
Qa1 Bxe2 22. Nxe2 Rc4 23. Ne5 Rcc8 24. Rb1 Qd6 25. Rdc1 Qe7 26. Nf4 Qd6 27.
Nfd3 Ne4 28. Rxc8 Rxc8 29. Nxd7 Qxd7 30. Rxb6 Qc7 31. Qb2 Qc4 32. Qb3 Nd2 33.
Qxc4 dxc4 34. Nc1 c3 35. Rb5 Rc4 36. Rxa5 Rb4 37. Rc5 Ne4 38. Rc8+ Kh7 39. f3
Rb1 40. fxe4 Rxc1+ 41. Kf2 Ra1 42. Rxc3 Rxa4 43. Rc6 f6 44. Kf3 Ra7 45. d5 Rd7
46. Kf4 Kg8 47. d6 g6 48. Rc8+ Kf7 49. Rc7 Ke6 50. Rxd7 Kxd7 51. e5 1-0

[Event "Vårturnerningarna Öppen"]
[Site "Linköping"]
[Date "2015.05.16"]
[Round "6"]
[White "Eriksson, Ofelia"]
[Black "Amberts, Jens"]
[Result "1/2-1/2"]
[WhiteElo "1622"]
[BlackElo "1467"]
[PlyCount "82"]
[EventDate "2015.05.14"]
[EventType "swiss"]
[EventRounds "7"]
[EventCountry "SWE"]

1. e4 d6 2. Nf3 Nf6 3. d3 g6 4. g3 Bg7 5. Bg2 O-O 6. O-O Nc6 7. Nbd2 e5 8. c3
Bd7 9. h3 h6 10. Nc4 Qc8 11. Kh2 Rb8 12. a4 a5 13. Ne3 Ne7 14. Qc2 Nh5 15. Bd2
b6 16. Ng1 f5 17. exf5 Nxf5 18. Nxf5 gxf5 19. Bf3 Nf6 20. Bg2 Be6 21. Ne2 Qe8
22. c4 c6 23. Bc3 c5 24. b3 Bd7 25. Rae1 Qh5 26. Ng1 Rbe8 27. Qe2 Qxe2 28. Rxe2
Re7 29. f4 Rfe8 30. Rfe1 Nh7 31. Bd5+ Kf8 32. Nf3 Bf6 33. fxe5 dxe5 34. Bxe5
Bxe5 35. Rxe5 Ng5 36. Rxe7 Nxf3+ 37. Bxf3 Rxe7 38. Rxe7 Kxe7 39. Kg2 Kd6 40.
Kf2 Ke5 41. Ke3 Be6 1/2-1/2

[Event "Vårturnerningarna Öppen"]
[Site "Linköping"]
[Date "2015.05.16"]
[Round "6"]
[White "Nörager, Mattias"]
[Black "Eknor, Paul"]
[Result "1-0"]
[WhiteElo "1641"]
[BlackElo "1630"]
[PlyCount "195"]
[EventDate "2015.05.14"]
[EventType "swiss"]
[EventRounds "7"]
[EventCountry "SWE"]

1. d4 d5 2. c4 dxc4 3. Nc3 e5 4. d5 Nf6 5. e4 c6 6. Bg5 Bb4 7. Bxc4 Bxc3+ 8.
bxc3 h6 9. Bxf6 Qxf6 10. a4 O-O 11. Ra2 Rd8 12. Rd2 Qd6 13. Nf3 c5 14. O-O Bg4
15. h3 Bh5 16. Qe2 Nd7 17. Rb1 Rab8 18. Rdb2 b6 19. Qd3 Bg6 20. Nd2 Rf8 21. Ba2
f5 22. f3 fxe4 23. fxe4 Rf4 24. g3 Rf6 25. Nc4 Qf8 26. Nd2 Rf2 27. Rf1 Rxf1+
28. Nxf1 Qf6 29. d6+ Kh8 30. Rf2 Qd8 31. Ne3 Nf6 32. Nf5 Qd7 33. Bb1 Qxa4 34.
Ra2 Qd7 35. Qa6 Bxf5 36. exf5 Qxd6 37. Qxa7 Rd8 38. Rf2 Nh5 39. f6 Nxf6 40. Qf7
Qd1+ 41. Rf1 Qh5 42. Bg6 Qxh3 43. Rxf6 Qxg3+ 44. Kf1 Rd1+ 45. Ke2 Qe1+ 46. Kf3
Qxc3+ 47. Kg2 Qd2+ 48. Rf2 Qg5+ 49. Kf3 Qf6+ 50. Ke3 Qg5+ 51. Kf3 Qf6+ 52. Ke2
Qxf7 53. Rxf7 Rd8 54. Rb7 h5 55. Bxh5 g5 56. Rxb6 Rc8 57. Rg6 c4 58. Rxg5 Rc5
59. Ke3 c3 60. Bd1 Kh7 61. Bc2+ Kh6 62. Rg8 Kh5 63. Ke4 Kh4 64. Kf5 Kh3 65. Rg7
Kh4 66. Rg1 Kh3 67. Ke4 Kh2 68. Rg8 Kh3 69. Kd3 Kh4 70. Bd1 e4+ 71. Kc2 e3 72.
Rg4+ Kh3 73. Re4 Kg3 74. Rxe3+ Kf4 75. Rh3 Rc7 76. Be2 Ke4 77. Bd3+ Kd4 78.
Rh4+ Kd5 79. Kb3 Rc8 80. Bc4+ Ke5 81. Kxc3 Rc7 82. Kd3 Ra7 83. Ke3 Ra3+ 84. Bd3
Rb3 85. Rh5+ Kf6 86. Ra5 Ke6 87. Kd4 Kf6 88. Bc4 Rb4 89. Rc5 Ra4 90. Ke4 Rb4
91. Kf4 Rb2 92. Rc6+ Ke7 93. Ke5 Rh2 94. Rc7+ Kd8 95. Ra7 Rh5+ 96. Kd6 Rh6+ 97.
Be6 Rxe6+ 98. Kxe6 1-0

[Event "Vårturnerningarna Öppen"]
[Site "Linköping"]
[Date "2015.05.16"]
[Round "6"]
[White "Qwarfort, Fredrik"]
[Black "Ståhlberg, Adam"]
[Result "1/2-1/2"]
[WhiteElo "1869"]
[BlackElo "1957"]
[PlyCount "61"]
[EventDate "2015.05.14"]
[EventType "swiss"]
[EventRounds "7"]
[EventCountry "SWE"]

1. d4 e6 2. c4 Nf6 3. Nf3 b6 4. g3 Bb7 5. Bg2 Bb4+ 6. Bd2 Bxd2+ 7. Qxd2 Ne4 8.
Qc2 f5 9. O-O O-O 10. Nc3 Nxc3 11. Qxc3 c5 12. Rad1 Qe7 13. d5 exd5 14. cxd5 d6
15. Nd2 Nd7 16. e4 f4 17. g4 Ne5 18. f3 Ba6 19. Rfe1 Qh4 20. Bf1 Bxf1 21. Rxf1
h5 22. gxh5 Qxh5 23. Nc4 Nxc4 24. Qxc4 Rf6 25. Rf2 Rg6+ 26. Kh1 Qh3 27. Rg1
Rxg1+ 28. Kxg1 Rf8 29. Qe2 Qh5 30. Rg2 Rf6 31. Rg4 1/2-1/2

[Event "Vårturnerningarna Öppen"]
[Site "Linköping"]
[Date "2015.05.16"]
[Round "6"]
[White "Olsson, Simon"]
[Black "Kristoffersson, Jimmy"]
[Result "1/2-1/2"]
[WhiteElo "2206"]
[BlackElo "2042"]
[PlyCount "58"]
[EventDate "2015.05.14"]
[EventType "swiss"]
[EventRounds "7"]
[EventCountry "SWE"]
[WhiteClock "0:20:52"]
[BlackClock "0:22:05"]

1. d4 e6 2. Nf3 f5 3. Bg5 Be7 4. h4 Nf6 5. Nbd2 d5 6. Ne5 Nbd7 7. Nxd7 Bxd7 8.
e3 Ne4 9. Nxe4 fxe4 10. Qh5+ g6 11. Qh6 Bxg5 12. hxg5 Kf7 13. Rh4 Kg8 14. f3
exf3 15. gxf3 Qf8 16. Qxf8+ Rxf8 17. f4 Kg7 18. Rh6 Rc8 19. Kd2 c5 20. c3 c4
21. Be2 Rc6 22. Rah1 Ra6 23. a3 b5 24. Bd1 Rb6 25. Bc2 Be8 26. R1h2 Bf7 27. Rh1
Be8 28. R1h2 Bf7 29. Rh1 Be8 1/2-1/2

[Event "Vårturnerningarna Öppen"]
[Site "Linköping"]
[Date "2015.05.16"]
[Round "6"]
[White "Hansson, Ronald"]
[Black "Winfridsson, Håkan"]
[Result "1-0"]
[WhiteElo "1963"]
[BlackElo "2069"]
[PlyCount "69"]
[EventDate "2015.05.14"]
[EventType "swiss"]
[EventRounds "7"]
[EventCountry "SWE"]
[WhiteClock "0:06:05"]
[BlackClock "0:44:16"]

1. d4 d5 2. c4 c6 3. Nf3 Nf6 4. Nc3 e6 5. Bg5 dxc4 6. e4 b5 7. e5 h6 8. Bh4 g5
9. Nxg5 hxg5 10. Bxg5 Nbd7 11. exf6 Bb7 12. g3 c5 13. d5 Qb6 14. Bg2 O-O-O 15.
O-O b4 16. Rb1 Ne5 17. Qe2 Nd3 18. b3 bxc3 19. bxc4 Nb4 20. a3 exd5 21. axb4
cxb4 22. Bf4 a5 23. Rfe1 Bd6 24. Qg4+ Kb8 25. Re7 b3 26. c5 c2 27. Rb2 Qxc5 28.
Rxb3 c1=Q+ 29. Bxc1 Qxc1+ 30. Bf1 Bxe7 31. fxe7 Rde8 32. Qd7 Qc7 33. Qxd5 Rxe7
34. Ba6 Re1+ 35. Kg2 1-0

[Event "Vårturnerningarna Öppen"]
[Site "Linköping"]
[Date "2015.05.16"]
[Round "6"]
[White "Knutsson, Håkan"]
[Black "Persson, Börje"]
[Result "1-0"]
[WhiteElo "1909"]
[BlackElo "1799"]
[PlyCount "47"]
[EventDate "2015.05.14"]
[EventType "swiss"]
[EventRounds "7"]
[EventCountry "SWE"]
[WhiteClock "0:59:36"]
[BlackClock "0:53:22"]

1. e4 c5 2. Nf3 e6 3. d4 cxd4 4. Nxd4 a6 5. Nc3 Qc7 6. Be2 b5 7. O-O Bb7 8. Re1
b4 9. Nd5 exd5 10. exd5 Bc5 11. Bf3+ Kf8 12. Nf5 d6 13. a3 Bc8 14. Qe2 Nf6 15.
Ng3 bxa3 16. Nh5 Qd8 17. Nxf6 Bd7 18. Ne4 axb2 19. Bxb2 Ra7 20. Nxc5 dxc5 21.
Ba3 Rc7 22. Qe3 f5 23. Bxc5+ Kf7 24. d6 1-0

[Event "Vårturnerningarna Öppen"]
[Site "Linköping"]
[Date "2015.05.17"]
[Round "7"]
[White "Lindström, Jan"]
[Black "Orci, Istvan"]
[Result "1/2-1/2"]
[WhiteElo "1497"]
[BlackElo "1500"]
[PlyCount "37"]
[EventDate "2015.05.14"]
[EventType "swiss"]
[EventRounds "7"]
[EventCountry "SWE"]

1. e4 c6 2. Nc3 d5 3. Qf3 d4 4. Bc4 e6 5. Nce2 c5 6. d3 Nc6 7. Bf4 Bd6 8. Qg3
Bxf4 9. Qxf4 Qf6 10. Nf3 e5 11. Qg3 Qg6 12. Bb5 Qxg3 13. Nxg3 f6 14. O-O Nge7
15. Nd2 Bd7 16. f4 a6 17. Bxc6 Nxc6 18. fxe5 Nxe5 19. h3 1/2-1/2

[Event "Vårturnerningarna Öppen"]
[Site "Linköping"]
[Date "2015.05.17"]
[Round "7"]
[White "Eriksson, Ofelia"]
[Black "Nguyen, Gabriel"]
[Result "1/2-1/2"]
[WhiteElo "1622"]
[BlackElo "1681"]
[PlyCount "21"]
[EventDate "2015.05.14"]
[EventType "swiss"]
[EventRounds "7"]
[EventCountry "SWE"]

1. d4 Nf6 2. Nf3 g6 3. Bf4 Bg7 4. e3 d6 5. Be2 O-O 6. h3 Nbd7 7. O-O Qe8 8. c4
e5 9. Bh2 Qe7 10. b4 c6 11. Nc3 1/2-1/2

[Event "Vårturnerningarna"]
[Site "?"]
[Date "2015.05.17"]
[Round "7"]
[White "Knutsson, Håkan"]
[Black "Qwarfort, Fredrik"]
[Result "1/2-1/2"]
[WhiteElo "1909"]
[BlackElo "1869"]
[PlyCount "68"]
[EventDate "2015.??.??"]

1. e4 d6 2. d4 Nf6 3. Nc3 g6 4. Nf3 Bg7 5. Be2 O-O 6. O-O c5 7. h3 cxd4 8. Nxd4
Nc6 9. Be3 a6 10. a4 Bd7 11. Qd2 Nxd4 12. Bxd4 Bc6 13. Qe3 Nd7 14. Nd5 Bxd4 15.
Qxd4 Rc8 16. c3 Nc5 17. Bd1 Nxe4 18. Qxe4 e6 19. Bb3 Re8 20. Qd3 Bxd5 21. Bxd5
exd5 22. Rfe1 Re5 23. Red1 Qb6 24. Rd2 Rc4 25. b4 Qc6 26. Ra3 d4 27. b5 axb5
28. axb5 Rxb5 29. cxd4 d5 30. Ra8+ Kg7 31. Qe3 Rb1+ 32. Kh2 Qd6+ 33. f4 Rcc1
34. Qe5+ Qxe5 1/2-1/2

[Event "Vårturnerningarna"]
[Site "?"]
[Date "2015.05.17"]
[Round "7"]
[White "Ståhlberg, Adam"]
[Black "Olsson, Simon"]
[Result "1/2-1/2"]
[WhiteElo "1957"]
[BlackElo "2206"]
[PlyCount "53"]
[EventDate "2015.??.??"]

1. d4 Nf6 2. c4 e6 3. a3 d5 4. cxd5 exd5 5. Nc3 Bd6 6. Bg5 c6 7. Qc2 O-O 8. e3
h6 9. Bh4 Re8 10. Bd3 Nbd7 11. Nf3 Qc7 12. Rc1 a6 13. Bg3 Nf8 14. O-O Bd7 15.
b4 a5 16. Qb3 axb4 17. axb4 Bxg3 18. hxg3 Qd6 19. Ra1 b6 20. Rfc1 Ne6 21. Ne5
Rec8 22. Ba6 Rcb8 23. Be2 c5 24. Rxa8 Rxa8 25. Nxd7 Qxd7 26. bxc5 bxc5 27. dxc5
1/2-1/2

[Event "Vårturnerningarna"]
[Site "?"]
[Date "2015.05.17"]
[Round "7"]
[White "Kristoffersson, Jimmy"]
[Black "Winfridsson, Håkan"]
[Result "1-0"]
[WhiteElo "2042"]
[BlackElo "2069"]
[PlyCount "63"]
[EventDate "2015.??.??"]

1. d4 d5 2. Bg5 c6 3. Nc3 Bf5 4. e3 Nd7 5. Bd3 Bxd3 6. cxd3 f6 7. Bh4 e5 8. Nf3
Qa5 9. dxe5 fxe5 10. O-O Bd6 11. Ng5 Ngf6 12. Ne6 Rg8 13. g4 g5 14. Bxg5 h6 15.
Bxh6 Rxg4+ 16. Kh1 Ke7 17. Ng7 Rh8 18. Nf5+ Ke6 19. Qf3 e4 20. Qh3 Kxf5 21. Rg1
Rhg8 22. Rxg4 Nxg4 23. Rf1 Ndf6 24. f3 exf3 25. Qxf3+ Kg6 26. h3 Kxh6 27. hxg4
Rg6 28. g5+ Kxg5 29. Qh3 Nh5 30. Rf5+ Kh6 31. Rxh5+ Kg7 32. Qd7+ 1-0

[Event "Vårturnerningarna"]
[Site "?"]
[Date "2015.05.17"]
[Round "7"]
[White "Nörager, Mattias"]
[Black "Hansson, Ronald"]
[Result "0-1"]
[WhiteElo "1744"]
[BlackElo "1963"]
[PlyCount "50"]
[EventDate "2015.??.??"]
[WhiteClock "1:00:31"]
[BlackClock "0:21:41"]

1. d4 Nf6 2. c4 g6 3. Nc3 d5 4. Nf3 Bg7 5. Bg5 Ne4 6. Bf4 Nxc3 7. bxc3 c5 8.
Bxb8 Rxb8 9. Qa4+ Bd7 10. Qxa7 cxd4 11. cxd4 dxc4 12. e3 b5 13. Be2 Ra8 14. Qc5
Qa5+ 15. Kf1 O-O 16. Qxe7 Qc3 17. Rb1 Bf5 18. Qb4 Qc2 19. Rb2 Qc1+ 20. Ne1 c3
21. Rb3 Rfc8 22. g4 Be4 23. f3 Rxa2 24. fxe4 Qxe3 25. Qxb5 Bxd4 0-1

[Event "Vårturnerningarna"]
[Site "?"]
[Date "2015.05.17"]
[Round "7"]
[White "Amberts, Jens"]
[Black "Ahlstrand, Mats"]
[Result "0-1"]
[WhiteElo "1467"]
[BlackElo "1698"]
[PlyCount "106"]
[EventDate "2015.??.??"]
[WhiteClock "0:02:37"]
[BlackClock "0:22:23"]

1. e4 e6 2. d4 d5 3. exd5 exd5 4. Nf3 Nf6 5. Bd3 Be7 6. O-O O-O 7. b3 Bg4 8.
Nbd2 Nc6 9. Bb2 Re8 10. a3 Qd7 11. Re1 Bd6 12. Rxe8+ Rxe8 13. Qf1 Bf4 14. Re1
a6 15. Rxe8+ Qxe8 16. c4 Ne7 17. Bc3 c6 18. Ne5 Bf5 19. g3 Bh6 20. Bxf5 Nxf5
21. f4 Nd7 22. Qf3 Nxe5 23. dxe5 Ne7 24. Bb4 g6 25. Bxe7 Qxe7 26. cxd5 Qc5+ 27.
Kg2 cxd5 28. b4 Qc6 29. Qd3 g5 30. f5 g4 31. Nb3 d4+ 32. Kf1 Qh1+ 33. Ke2 Qxh2+
34. Kd1 Qg1+ 35. Kc2 Qg2+ 36. Kd1 Qg1+ 37. Kc2 Qf2+ 38. Kd1 Be3 39. f6 Qf3+ 40.
Kc2 Qg2+ 41. Kd1 Qb2 42. Qc4 Qc3 43. Qxc3 dxc3 44. Ke2 Ba7 45. Kd3 Bb8 46. Ke4
c2 47. Kd3 Bxe5 48. Kxc2 b6 49. Nd2 Bxg3 50. Kd3 Be5 51. Ne4 h5 52. Ke2 h4 53.
Kf2 Kh7 0-1